| 000 | 00774cab a2200265 4500 | ||
|---|---|---|---|
| 001 | WB3033-09 | ||
| 008 | 090401t1994 xxu||||| |||| 00| 0 eng d | ||
| 035 | _a(Sirsi) u41587 | ||
| 041 | _aeng | ||
| 245 | _aPalace of glass for South Bank | ||
| 260 | _c1994 | ||
| 350 | _a0 | ||
| 490 |
_aTimes _v9 September 1994, 7(1) |
||
| 520 | _aSir Richard Rogers, who won the competition to redesign the South Bank, has plans to cover the area with a glass roof. | ||
| 650 | _aARCHITECTURAL COMPETITIONS | ||
| 650 | _aFESTIVAL HALL | ||
| 650 | _aLONDON | ||
| 650 | _aNATIONAL LOTTERY | ||
| 650 | _aNATIONAL THEATRE | ||
| 650 | _aRICHARD ROGERS | ||
| 650 | _aSOUTH BANK OF LONDON | ||
| 690 | _aBUILDING AND CONSTRUCTION-PROJECTS | ||
| 942 | _n0 | ||
| 948 | _c04/03/1997 | ||
| 999 |
_c26696 _d26696 |
||